| 000 | 00544nam a2200181 a 4500 | ||
|---|---|---|---|
| 005 | 20140310183414.0 | ||
| 008 | 070914s19uu xx 00 eng d | ||
| 020 | _a1844480712 | ||
| 050 |
_aNC 774 _b.C582 2005 |
||
| 100 | _aCivardi, Giovanni | ||
| 245 |
_aDrawing hands and feet : _bform, proportions, gestures and actions / _cGiovanni Civardi. |
||
| 260 |
_aGreat Britain : _bSearch Press limited, _c2005. |
||
| 300 |
_a64 p. : _bill. ; _c30 cm. |
||
| 521 | _aMA | ||
| 650 |
_aDrawing _xTechnique. |
||
| 942 |
_cBK _2lcc _kFOR |
||
| 999 |
_c22548 _d22548 |
||